000 00351nam a2200133Ia 4500
008 240624s9999 xx 000 0 und d
041 _aeng
082 _a828 GWR
100 _aGUINNESS WORLD RECORD
245 _aGUINNESS WORLD RECORDS 2015
260 _c2015
_aUK
_bGuinness World Records Limited
300 _a255 : p. : cm. ; 29
365 _cGBP
_b25
999 _c23843
_d23843